the effects of using shrimp by products on growth rat of fattening pig at animal station of royal university of agriculture (ការសិក្សាពីឥទ្ធិពលនៃការប្រើប្រាស់អនុផលបង្គាក្រៀមទៅលើការលូតលាស់របស់ជ្រូកសាច់នៅស្ថានីយ៍ចិញ្ចឹមសត្វនៃសាកលវិទ្យាល័យភូមិន្ទកម្ម) (Record no. 2794)

000 -LEADER
fixed length control field 00858nam a22001577a 4500
003 - CONTROL NUMBER IDENTIFIER
control field OSt
005 - DATE AND TIME OF LATEST TRANSACTION
control field 20151027160659.0
008 - FIXED-LENGTH DATA ELEMENTS--GENERAL INFORMATION
fixed length control field 151027b xxu||||| |||| 00| 0 eng d
040 ## - CATALOGING SOURCE
Transcribing agency RUA
082 ## - DEWEY DECIMAL CLASSIFICATION NUMBER
Classification number VTF SET 2004 B114 Or.1
100 ## - MAIN ENTRY--PERSONAL NAME
9 (RLIN) 2979
Personal name SETH, KIMSENG.
245 ## - TITLE STATEMENT
Title the effects of using shrimp by products on growth rat of fattening pig at animal station of royal university of agriculture (ការសិក្សាពីឥទ្ធិពលនៃការប្រើប្រាស់អនុផលបង្គាក្រៀមទៅលើការលូតលាស់របស់ជ្រូកសាច់នៅស្ថានីយ៍ចិញ្ចឹមសត្វនៃសាកលវិទ្យាល័យភូមិន្ទកម្ម)
260 ## - PUBLICATION, DISTRIBUTION, ETC. (IMPRINT)
Place of publication, distribution, etc. Phnom Penh
Name of publisher, distributor, etc. RUA
Date of publication, distribution, etc. 2004
300 ## - PHYSICAL DESCRIPTION
Extent ix, 38p.
Other physical details ill.
Dimensions 29cm.
942 ## - ADDED ENTRY ELEMENTS (KOHA)
Source of classification or shelving scheme
Koha item type VTF
Holdings
Price effective from Date last seen Permanent Location Not for loan Date acquired Source of classification or shelving scheme Koha item type Barcode Lost status Damaged status Shelving location Withdrawn status Current Location Full call number
2015-10-272015-10-27Library Block B 2015-10-27 VTFRUA006714  B114 Library Block BVTF SET 2004 B114 Or.1
2015-10-272015-10-27Library Block B 2015-10-27 VTFRUA006868  B114 Library Block BVTF SET 2004 B114 Or.2
2015-10-272015-10-27Library Block B 2015-10-27 VTFRUA006853  B114 Library Block BVTF SET 2004 B114 Or.3
2015-10-272015-10-27Library Block B 2015-10-27 VTFRUA006768  B114 Library Block BVTF SET 2004 B114 Or.4
2015-10-272015-10-27Library Block B 2015-10-27 VTFRUA006695  B114 Library Block BVTF SET 2004 B114 Or.5
មជ្ឈមណ្ឌលឯការនៃសាកលវិទ្យាល័យភូមិន្ទកសិកម្មចំការដូង

Powered by Koha